| 000 | 00868nam a22002535a 4500 | ||
|---|---|---|---|
| 005 | 20151222145750.0 | ||
| 008 | 150803s2014 nyua frbd 001 0 eng d | ||
| 020 | _a9781259010781 | ||
| 020 | _a1259010783 | ||
| 040 |
_aEG-ScBUE _beng _cEG-ScBUE |
||
| 082 | 0 | 4 |
_222 _a658.325 _bMAR |
| 100 | 1 |
_aMartocchio, Joseph J. _938900 |
|
| 245 | 1 | 0 |
_aEmployee Benefits : _ba primer for human resource professionals / _cJoseph J. Martocchio. |
| 250 | _a5th ed., MCGraw-Hill International ed. | ||
| 260 |
_aNew York : _bMCGraw-Hill Irwin / MCGraw-Hill Companies, _c2014. |
||
| 300 |
_axv, 392 p. : _bill. ; _c24 cm |
||
| 500 | _aGlossary : p. 355-377. | ||
| 500 | _aIndex : p. 379-392. | ||
| 504 | _aIncludes bibliographical references. | ||
| 650 | 7 |
_2BUEsh _aEmployee fringe benefits. _938959 |
|
| 651 | _2BUEsh | ||
| 653 |
_bBUSADM _cAugust2015 _cDecember2015 |
||
| 942 | _2ddc | ||
| 999 |
_c20441 _d20413 |
||